[Event "GER-ch U25"]
[Site "Willingen"]
[Date "2007.05.29"]
[Round "6"]
[White "Bergmeyer, Sebastian"]
[Black "Schaefer, Simon"]
[Result "1-0"]
[WhiteElo "1246"]
[BlackElo "1478"]
[PlyCount "93"]
[EventDate "2007.05.26"]
[EventType "swiss"]
[EventRounds "9"]
[EventCountry "GER"]
[SourceTitle "CBM 118 Extra"]
[Source "ChessBase"]
[SourceDate "2007.07.04"]
[SourceVersion "1"]
[SourceVersionDate "2007.07.04"]
[SourceQuality "1"]

1. e4 d5 2. exd5 Qxd5 3. Nc3 Qa5 4. d4 c6 5. Nf3 Bf5 6. Bd2 Qc7 7. Bc4 Nf6 8. h3 Nbd7 9. g4 Be4 10. Be3 e6 11. Qe2 Bb4 12. 0-0-0 Bxc3 13. bxc3 Bd5 14. Rde1 Ne4 15. Qd3 Qa5 16. Kb2 Nb6 17. Bb3 Qxc3+ 18. Qxc3 Nxc3 19. Kxc3 Bxf3 20. Rhg1 Nd5+ 21. Kb2 Nxe3 22. Rxe3 Bd5 23. c4 Bxc4 24. Bxc4 Rd8 25. Rd1 0-0 26. f4 Rd6 27. Kc3 Rfd8 28. Red3 Kf8 29. Rf3 c5 30. Rfd3 cxd4+ 31. Rxd4 Rxd4 32. Rxd4 Rxd4 33. Kxd4 Ke7 34. Bd3 h6 35. f5 f6 36. fxe6 Kxe6 37. Kc5 Kd7 38. Bf5+ Kc7 39. Kd5 Kd8 40. Ke6 Ke8 41. Bg6+ Kf8 42. Kd6 b6 43. a4 a6 44. Kc6 b5 45. a5 b4 46. Kb6 Ke7 47. Kxa6 1-0

[Event "GER-ch U25"]
[Site "Willingen"]
[Date "2007.05.29"]
[Round "5"]
[White "Schaefer, Simon"]
[Black "Wierum, Colin"]
[Result "0-1"]
[WhiteElo "1478"]
[BlackElo "1650"]
[PlyCount "74"]
[EventDate "2007.05.26"]
[EventType "swiss"]
[EventRounds "9"]
[EventCountry "GER"]
[SourceTitle "CBM 118 Extra"]
[Source "ChessBase"]
[SourceDate "2007.07.04"]
[SourceVersion "1"]
[SourceVersionDate "2007.07.04"]
[SourceQuality "1"]

1. c4 f5 2. Nc3 Nf6 3. g3 g6 4. Bg2 Bg7 5. e3 0-0 6. d4 d6 7. Nge2 Qe8 8. 0-0 e5 9. dxe5 Qxe5 10. Nd5 Nxd5 11. Qxd5+ Qxd5 12. Bxd5+ Kh8 13. Rb1 c6 14. Bg2 Be6 15. b3 Na6 16. Bb2 Rfd8 17. Bxg7+ Kxg7 18. Rfd1 Nc7 19. Rd2 Rd7 20. Rbd1 Rad8 21. Nf4 Bf7 22. Kf1 g5 23. Ne2 Kf6 24. Nd4 d5 25. cxd5 Bxd5 26. Bxd5 Nxd5 27. Kg1 Nc3 28. Rc1 Ne4 29. Rdc2 c5 30. Nf3 b6 31. Kg2 h6 32. h3 h5 33. Rc4 g4 34. hxg4 hxg4 35. Nh2 Rd2 36. Nxg4+ Kg5 37. Kf3 fxg4+ 0-1

[Event "GER-ch U25"]
[Site "Willingen"]
[Date "2007.05.26"]
[Round "1"]
[White "Schaefer, Simon"]
[Black "Jahncke, Giso"]
[Result "0-1"]
[WhiteElo "1478"]
[BlackElo "1992"]
[PlyCount "42"]
[EventDate "2007.05.26"]
[EventType "swiss"]
[EventRounds "9"]
[EventCountry "GER"]
[SourceTitle "CBM 118 Extra"]
[Source "ChessBase"]
[SourceDate "2007.07.04"]
[SourceVersion "1"]
[SourceVersionDate "2007.07.04"]
[SourceQuality "1"]

1. d4 Nf6 2. c4 c5 3. Nf3 Nc6 4. Nc3 cxd4 5. Nxd4 g6 6. Nf3 Bg7 7. Bf4 0-0 8. e3 Qa5 9. Bd3 Nh5 10. Qc2 Nxf4 11. exf4 d6 12. 0-0 Bg4 13. Be2 Rac8 14. Nd2 Bf5 15. Bd3 Nb4 16. Nb3 Qd8 17. Qd2 Bxd3 18. Rfc1 Bxc4 19. Ne4 Qb6 20. Re1 Bxb3 21. axb3 Nc2 0-1

[Event "GER-ch op U25"]
[Site "Willingen"]
[Date "2006.06.08"]
[Round "7"]
[White "Schaefer, Simon"]
[Black "Berger, Manuel"]
[Result "1-0"]
[WhiteElo "1488"]
[BlackElo "1129"]
[PlyCount "47"]
[EventDate "2006.06.04"]
[EventType "swiss"]
[EventRounds "9"]
[EventCountry "GER"]
[SourceTitle "EXT 2007"]
[Source "ChessBase"]
[SourceDate "2006.11.23"]
[SourceVersion "1"]
[SourceVersionDate "2006.11.23"]
[SourceQuality "1"]

1. d4 d5 2. c4 e6 3. Nc3 Nf6 4. Bg5 Nbd7 5. Nf3 c6 6. e3 Qa5 7. cxd5 cxd5 8. a3 Ne4 9. Qc2 Nxg5 10. Nxg5 Be7 11. Nf3 a6 12. Bd3 b5 13. 0-0 Bb7 14. Bxh7 g6 15. Bxg6 fxg6 16. Qxg6+ Kd8 17. Qxe6 Nf8 18. Qf5 Ke8 19. Nxd5 Bxd5 20. Qxd5 Rd8 21. Qc6+ Kf7 22. b4 Qa4 23. Ne5+ Kg8 24. Qf3 1-0

[Event "GER-ch op U25"]
[Site "Willingen"]
[Date "2006.06.04"]
[Round "1"]
[White "Schaefer, Simon"]
[Black "Zentgraf, Robert"]
[Result "0-1"]
[WhiteElo "1488"]
[BlackElo "2106"]
[PlyCount "106"]
[EventDate "2006.06.04"]
[EventType "swiss"]
[EventRounds "9"]
[EventCountry "GER"]
[SourceTitle "EXT 2007"]
[Source "ChessBase"]
[SourceDate "2006.11.23"]
[SourceVersion "1"]
[SourceVersionDate "2006.11.23"]
[SourceQuality "1"]

1. d4 c5 2. dxc5 Qa5+ 3. Nc3 Qxc5 4. Nf3 Nf6 5. g3 g6 6. Bg2 Bg7 7. 0-0 0-0 8. Be3 Qa5 9. Qd2 Nc6 10. Bh6 d5 11. Bxg7 Kxg7 12. Nd4 e6 13. Nxc6 bxc6 14. Ne4 Qxd2 15. Nxd2 Rb8 16. b3 Ba6 17. Rfe1 Ne8 18. Rac1 c5 19. c4 d4 20. Rcd1 Nd6 21. Ne4 Nxe4 22. Bxe4 Rfd8 23. Rd2 f5 24. Bg2 e5 25. Kf1 e4 26. Red1 Bb7 27. Kg1 Bc6 28. Kf1 a5 29. f3 e3 30. Rd3 Re8 31. h4 Rb6 32. Rb1 Rf8 33. Rdd1 Rfb8 34. Rd3 a4 35. Kg1 Bd7 36. f4 Be6 37. Bd5 Kf6 38. Bxe6 Kxe6 39. Kf1 Rb4 40. Rdd1 Kd6 41. Rb2 Rxc4 42. Rbb1 Rcb4 43. Rd3 Kd5 44. Rbd1 axb3 45. axb3 Rxb3 46. Rxb3 Rxb3 47. Ke1 c4 48. Rc1 d3 49. exd3 cxd3 50. Ra1 Ke4 51. Rd1 Kf3 52. Ra1 d2+ 53. Kd1 Rb2 0-1

[Event "GER-ch U25"]
[Site "Willingen"]
[Date "2005.05.21"]
[Round "9"]
[White "Schaefer, Simon"]
[Black "Klebanov, Andrej"]
[Result "1/2-1/2"]
[WhiteElo "1395"]
[BlackElo "1587"]
[PlyCount "58"]
[EventDate "2005.05.14"]
[EventType "swiss"]
[EventRounds "9"]
[EventCountry "GER"]
[SourceTitle "CBM 106 Extra"]
[Source "ChessBase"]
[SourceDate "2005.07.01"]
[SourceVersion "1"]
[SourceVersionDate "2005.07.01"]
[SourceQuality "1"]

1. d4 Nf6 2. c4 g6 3. Nc3 Bg7 4. Nf3 0-0 5. Bf4 d6 6. e3 Nbd7 7. Be2 Nh5 8. Bg3 e5 9. 0-0 f5 10. h3 Qe7 11. Nd5 Qd8 12. Bh4 Bf6 13. Nxf6+ Nhxf6 14. dxe5 dxe5 15. Nxe5 Nxe5 16. Qxd8 Rxd8 17. Bxf6 Rd2 18. Bxe5 Rxe2 19. Rfe1 Rc2 20. Rac1 Rd2 21. Red1 Rxd1+ 22. Rxd1 Be6 23. Bxc7 Bxc4 24. a3 Rc8 25. Rd8+ Rxd8 26. Bxd8 Kf7 27. Ba5 Ke6 28. Bc3 Kd5 29. Kh2 Ke4 1/2-1/2

[Event "GER-ch U25"]
[Site "Willingen"]
[Date "2005.05.15"]
[Round "2"]
[White "Usov, Andreas"]
[Black "Schaefer, Simon"]
[Result "0-1"]
[WhiteElo "1101"]
[BlackElo "1395"]
[PlyCount "120"]
[EventDate "2005.05.14"]
[EventType "swiss"]
[EventRounds "9"]
[EventCountry "GER"]
[SourceTitle "CBM 106 Extra"]
[Source "ChessBase"]
[SourceDate "2005.07.01"]
[SourceVersion "1"]
[SourceVersionDate "2005.07.01"]
[SourceQuality "1"]

1. e4 c5 2. Nf3 d6 3. Nc3 Nc6 4. Bb5 Bd7 5. d3 a6 6. Bc4 b5 7. Bd5 Nf6 8. Bxc6 Bxc6 9. Be3 g6 10. Rg1 Bg7 11. e5 Ng4 12. exd6 Nxe3 13. fxe3 exd6 14. Qd2 b4 15. Nd1 0-0 16. c3 bxc3 17. Nxc3 Bh6 18. Kd1 Re8 19. Re1 Rb8 20. Kc2 Re7 21. Qe2 Rxe3 22. Qd2 Rxe1 23. Qxe1 Bg7 24. Rb1 Qe8 25. Qd2 Qd7 26. h3 Bxf3 27. gxf3 Qxh3 28. Qe2 Qe6 29. Qxe6 fxe6 30. Ne4 Be5 31. b3 Rf8 32. Rf1 Kg7 33. Kd2 h5 34. Ng5 Bf4+ 35. Kc3 Bxg5 36. Kc4 Rf4+ 37. Kc3 Bf6+ 38. Kd2 Bd4 39. Ke2 g5 40. Rh1 Rh4 41. Rf1 Rh2+ 42. Kd1 Rxa2 43. Ke1 Rb2 44. f4 Rb1+ 45. Ke2 Rxf1 46. Kxf1 gxf4 47. b4 cxb4 48. Ke2 b3 49. Kf3 b2 50. Kxf4 b1Q 51. Ke4 Be5 52. Ke3 Qe1+ 53. Kf3 Qg3+ 54. Ke2 h4 55. Kd2 h3 56. Kc2 h2 57. Kb3 Qxd3+ 58. Ka2 Qb5 59. Ka3 h1R 60. Ka2 Ra1# 0-1

[Event "GER-ch U25"]
[Site "Willingen"]
[Date "2005.05.14"]
[Round "1"]
[White "Schaefer, Simon"]
[Black "Patzer, Stefan"]
[Result "0-1"]
[WhiteElo "1395"]
[BlackElo "1997"]
[PlyCount "96"]
[EventDate "2005.05.14"]
[EventType "swiss"]
[EventRounds "9"]
[EventCountry "GER"]
[SourceTitle "CBM 106 Extra"]
[Source "ChessBase"]
[SourceDate "2005.07.01"]
[SourceVersion "1"]
[SourceVersionDate "2005.07.01"]
[SourceQuality "1"]

1. d4 f5 2. c4 Nf6 3. Nc3 e6 4. Nf3 d5 5. Bf4 c6 6. c5 Be7 7. e3 0-0 8. b4 Ne4 9. Qc2 Nd7 10. Nxe4 fxe4 11. Ne5 Bg5 12. Bg3 h5 13. Nxd7 Bxd7 14. h4 Bf6 15. Bd6 Re8 16. Be2 g6 17. f4 a5 18. bxa5 Bxh4+ 19. Kd2 Qxa5+ 20. Qc3 Qxc3+ 21. Kxc3 Bf2 22. a4 Ra7 23. Raf1 Bxe3 24. Rh3 Bxd4+ 25. Kxd4 e5+ 26. fxe5 Rxa4+ 27. Kc3 Bxh3 28. gxh3 Ra3+ 29. Kb4 Rxh3 30. Rf4 Re3 31. Bd1 Rd3 32. Bc2 Rd2 33. Bb3 Rd4+ 34. Kc3 Rd3+ 35. Kc2 Rf3 36. Rh4 Kg7 37. Rh2 Ra8 38. Rh1 Ra3 39. Rb1 h4 40. e6 Rf2+ 41. Kc3 h3 42. e7 Kf7 43. Rg1 h2 44. Rxg6 h1Q 45. Rg7+ Kxg7 46. e8Q Qf3+ 47. Kd4 Rd2+ 48. Ke5 Qf6# 0-1

[Event "GER-ch U25 op"]
[Site "Willingen"]
[Date "2004.06.02"]
[Round "7"]
[White "Schaefer, Simon"]
[Black "Finkbeiner, Alina"]
[Result "1-0"]
[WhiteElo "1255"]
[BlackElo "904"]
[PlyCount "45"]
[EventDate "2004.05.30"]
[EventType "swiss"]
[EventRounds "9"]
[EventCountry "GER"]
[SourceTitle "EXT 2005"]
[Source "ChessBase"]
[SourceDate "2004.11.15"]
[SourceVersion "1"]
[SourceVersionDate "2004.11.15"]
[SourceQuality "1"]

1. d4 d5 2. c4 Nf6 3. Nc3 g6 4. Bg5 Bg7 5. Bxf6 Bxf6 6. Nxd5 Nc6 7. Nxf6+ exf6 8. e3 Bf5 9. Bd3 Qd7 10. Bxf5 Qxf5 11. Nf3 0-0-0 12. 0-0 Nb4 13. Qa4 Nd3 14. Qxa7 Nxb2 15. Qa8+ Kd7 16. Qxb7 Nxc4 17. Qb3 Nd6 18. Rfc1 Rc8 19. Qc2 Qa5 20. Nd2 Nb5 21. Nb3 Na3 22. Qc6+ Kd8 23. Nxa5 1-0

[Event "GER-ch U25 op"]
[Site "Willingen"]
[Date "2004.06.01"]
[Round "6"]
[White "Dauer, Carolin"]
[Black "Schaefer, Simon"]
[Result "1/2-1/2"]
[WhiteElo "1399"]
[BlackElo "1255"]
[PlyCount "39"]
[EventDate "2004.05.30"]
[EventType "swiss"]
[EventRounds "9"]
[EventCountry "GER"]
[SourceTitle "EXT 2005"]
[Source "ChessBase"]
[SourceDate "2004.11.15"]
[SourceVersion "1"]
[SourceVersionDate "2004.11.15"]
[SourceQuality "1"]

1. e4 c5 2. Nc3 d6 3. g3 Nc6 4. Bg2 Bd7 5. d3 e6 6. f4 Be7 7. Nf3 Nf6 8. 0-0 0-0 9. h3 Rb8 10. g4 b5 11. Ne2 a6 12. Ng3 Qc7 13. Nh2 a5 14. g5 Ne8 15. f5 exf5 16. exf5 d5 17. Bf4 Bd6 18. Bxd6 Qxd6 19. Qf3 Nd4 20. Qf2 1/2-1/2

[Event "GER-ch U10"]
[Site "Willingen"]
[Date "2003.06.08"]
[Round "2"]
[White "Schaefer, Simon"]
[Black "Berchtenbreiter, Maximilian"]
[Result "1/2-1/2"]
[WhiteElo "1059"]
[BlackElo "1282"]
[PlyCount "33"]
[EventDate "2003.06.08"]
[EventType "swiss"]
[EventRounds "11"]
[EventCountry "GER"]
[SourceTitle "CBM 094 Extra"]
[Source "ChessBase"]
[SourceDate "2003.07.09"]
[SourceVersion "2"]
[SourceVersionDate "2003.07.09"]
[SourceQuality "1"]

1. d4 Nf6 2. c4 e6 3. Nc3 Bb4 4. a3 Bxc3+ 5. bxc3 0-0 6. Nf3 d5 7. cxd5 exd5 8. Bg5 h6 9. Bxf6 Qxf6 10. e3 Nc6 11. Be2 Be6 12. 0-0 Qg6 13. Re1 Rfe8 14. Qd3 Qxd3 15. Bxd3 Bg4 16. Nd2 Rad8 17. Rab1 1/2-1/2

[Event "GER-ch U10"]
[Site "Winterberg"]
[Date "2002.05.23"]
[Round "8"]
[White "Hobusch, Alexander"]
[Black "Schaefer, Simon"]
[Result "1-0"]
[WhiteElo "1531"]
[BlackElo "951"]
[PlyCount "79"]
[EventDate "2002.05.19"]
[EventType "swiss"]
[EventRounds "11"]
[EventCountry "GER"]
[SourceTitle "CBM 088 Extra"]
[Source "ChessBase"]
[SourceDate "2002.07.01"]
[SourceVersion "2"]
[SourceVersionDate "2002.07.01"]
[SourceQuality "1"]

1. e4 c5 2. Nc3 d6 3. g3 Nc6 4. Bg2 Bd7 5. f4 Qc7 6. Nf3 0-0-0 7. 0-0 e6 8. d3 Be7 9. h3 Nf6 10. g4 h6 11. Qe1 Rhe8 12. Qg3 b6 13. f5 Rf8 14. Bf4 e5 15. Bd2 Nd4 16. Rac1 Nxf3+ 17. Qxf3 Bc6 18. Qg3 Qb7 19. h4 Nh7 20. g5 hxg5 21. hxg5 Rg8 22. Bh3 f6 23. g6 Ng5 24. Bxg5 fxg5 25. f6+ Bd7 26. Bxd7+ Qxd7 27. fxe7 Qxe7 28. Rf7 Qe6 29. Nd5 Rd7 30. Rxd7 Qxd7 31. Qxg5 Rf8 32. Rf1 Rxf1+ 33. Kxf1 Qh3+ 34. Qg2 Qxg2+ 35. Kxg2 Kd7 36. Kg3 Ke6 37. Kg4 Kd7 38. Kf5 Kc6 39. Ke6 a5 40. Kf7 1-0

[Event "GER-ch U10"]
[Site "Winterberg"]
[Date "2002.05.21"]
[Round "6"]
[White "Schaefer, Simon"]
[Black "Hasenclever, Leonard"]
[Result "0-1"]
[WhiteElo "951"]
[BlackElo "1269"]
[PlyCount "158"]
[EventDate "2002.05.19"]
[EventType "swiss"]
[EventRounds "11"]
[EventCountry "GER"]
[SourceTitle "CBM 088 Extra"]
[Source "ChessBase"]
[SourceDate "2002.07.01"]
[SourceVersion "2"]
[SourceVersionDate "2002.07.01"]
[SourceQuality "1"]

1. d4 Nf6 2. c4 c5 3. dxc5 Qa5+ 4. Nc3 Qxc5 5. e4 g6 6. Bg5 Qxg5 7. Nf3 Qa5 8. Bd3 Bg7 9. 0-0 d6 10. a3 0-0 11. b4 Qc7 12. Qe2 a6 13. Rab1 Nbd7 14. a4 Re8 15. Rfe1 a5 16. b5 Nc5 17. Rbd1 b6 18. h3 Bb7 19. Qc2 Nfd7 20. Nd5 Bxd5 21. exd5 Ne5 22. Nxe5 Bxe5 23. Rd2 Rac8 24. Bf1 Nd7 25. Red1 Bf4 26. Rd4 Be5 27. Re4 e6 28. dxe6 Rxe6 29. Rd5 Nf6 30. Rexe5 Rxe5 31. Rxe5 dxe5 32. Be2 Nd5 33. Bf3 Nf4 34. g3 Nxh3+ 35. Kg2 Ng5 36. Be2 Ne6 37. Qc1 Nd4 38. Bf1 Qb7+ 39. Kh3 Qd7+ 40. Kg2 Qg4 41. Qe3 Re8 42. f3 Qd7 43. Kg1 Ne6 44. Qf2 Qd4 45. Qxd4 exd4 46. Kf2 Rd8 47. Ke1 Nc5 48. Kd2 d3 49. Kd1 d2 50. Be2 Nxa4 51. g4 Nc5 52. f4 a4 53. Kc2 a3 54. Bd1 a2 55. Kb2 Nd3+ 56. Kxa2 Nxf4 57. Kb3 Ne6 58. Kc2 f5 59. gxf5 gxf5 60. Be2 Nd4+ 61. Kxd2 Nxe2+ 62. Kxe2 Rd4 63. c5 bxc5 64. b6 Rb4 65. Kd3 Rxb6 66. Kc4 h5 67. Kxc5 h4 68. Kxb6 h3 69. Kc5 h2 70. Kd5 h1Q+ 71. Kc5 Kf7 72. Kb5 Qc1 73. Kb4 f4 74. Kb5 f3 75. Kb6 f2 76. Kb5 f1Q+ 77. Kb6 Qf6+ 78. Kb5 Qfb2+ 79. Ka4 Qca1# 0-1

[Event "GER-ch U10"]
[Site "Winterberg"]
[Date "2002.05.20"]
[Round "4"]
[White "Kopp, Nico"]
[Black "Schaefer, Simon"]
[Result "1-0"]
[WhiteElo "1291"]
[BlackElo "951"]
[PlyCount "117"]
[EventDate "2002.05.19"]
[EventType "swiss"]
[EventRounds "11"]
[EventCountry "GER"]
[SourceTitle "CBM 088 Extra"]
[Source "ChessBase"]
[SourceDate "2002.07.01"]
[SourceVersion "2"]
[SourceVersionDate "2002.07.01"]
[SourceQuality "1"]

1. e4 c5 2. Nf3 d6 3. d4 cxd4 4. Nxd4 e5 5. Nf3 Nc6 6. Nc3 Nf6 7. Bc4 Be7 8. 0-0 0-0 9. Be3 a6 10. Nd5 Nxe4 11. Bb6 Qd7 12. Be3 Nf6 13. Nb6 Qe8 14. Nxa8 Bg4 15. Nb6 e4 16. Be2 exf3 17. Bxf3 Bxf3 18. Qxf3 Bd8 19. Nd5 Nxd5 20. Qxd5 Nb4 21. Qb3 a5 22. a3 Nc6 23. Qxb7 Bf6 24. Rfe1 Ne5 25. Qd5 Qe7 26. Rab1 Rd8 27. Qxa5 Nc4 28. Qb4 Nxe3 29. Rxe3 Qd7 30. Rg3 g6 31. Rh3 h5 32. a4 Re8 33. a5 Qe7 34. a6 Bd4 35. g3 Qe6 36. Rh4 Ba7 37. Qb7 Bc5 38. a7 Qc8 39. Qxc8 Rxc8 40. Ra4 Ra8 41. Rba1 Kf8 42. b4 Bd4 43. R1a3 Bb2 44. Ra2 Bd4 45. b5 Ke7 46. Rxd4 Kd7 47. Rc4 d5 48. Rc5 Kd6 49. b6 Kxc5 50. b7 Rd8 51. b8Q Rxb8 52. axb8Q g5 53. Qe5 h4 54. Ra5+ Kc4 55. Qxd5+ Kc3 56. Rc5+ Kb2 57. Qd2 Ka3 58. Rb5 Ka4 59. Qa5# 1-0